Insektizid Baum - Statistiken

Allgemein
  • Dieses Quiz wurde 5 mal gespielt
  • Das Durchschnittsergebnis liegt bei 31 aus 54
Antworten auf der Karte
Die Antworten werden auf der Karte rot bzw. grün angezeigt, abhängig davon wie oft sie richtig erraten wurden.
 
Antwortstatistiken
Antwort % Korrekt
Esfenvalerat
100%
Pyrethrum
100%
Atypisch
75%
Bendiocarb
75%
Carbamate
75%
Chitinsynthese Hemmer
75%
Chlorfenapyr
75%
Cypermethrin
75%
Deltamethrin
75%
Diatomeenerde
75%
Energie Blocker
75%
Entwicklungs Hemmer
75%
Etofenprox
75%
Fenoxycarb
75%
Fipronil
75%
Geraniol
75%
Imidacloprid
75%
Juvenoide
75%
Neonicotinoide
75%
Nervengifte Axonal
75%
Nervengifte Synaptisch
75%
Pflanzenextrakte
75%
Physikalische Austrocknung
75%
Pyrethrine
75%
Pyrrole
75%
Silikagel
75%
Typeins
75%
Typisch
75%
Typzwei
75%
Acetamiprid
50%
Allethrin
50%
Azadirachtin-neem
50%
Dinotefuran
50%
Indoxacarb
50%
Methopren
50%
Permethrin
50%
Pyrethroide
50%
Pyriproxyfen
50%
Spinosad
50%
Spinosyne
50%
Abamectin
25%
Avermectine
25%
Bifenthrin
25%
Clothianidin
25%
Cyphenothrin
25%
Diflubenzuron
25%
Empenthrin
25%
Flufenoxuron
25%
Hexaflumuron
25%
Imiprothrin
25%
Oxadiazine
25%
Phenothrin
25%
Phenylpyrazole
25%
Thiametoxam
25%
Keine übereinstimmenden Quizze gefunden
Verteilung der Resultate
Anzahl Personen mit jedem Resultat
Perzentil nach korrekt beantworteten Fragen
Ihre Resultats-Entwicklung
Sie haben dieses Quiz noch nicht gespielt